| 000 | 00435nam a2200157Ia 4500 | ||
|---|---|---|---|
| 008 | 230524s9999 xx 000 0 und d | ||
| 082 |
_a4.6 _bRAJ |
||
| 100 |
_aR.S. Rajesh _93916 |
||
| 245 | 0 | _aComputer Networks Fundamentals and Applications | |
| 260 |
_aNEW DELHI _bVikas _c2005 |
||
| 300 | _aXV;245 | ||
| 500 | _aQuantity Number: 1 | ||
| 650 | _aComp-Sc | ||
| 700 |
_a" K.S.Easwarakumar , R.Balasubramanian,,," _93917 |
||
| 942 | _cBK | ||
| 999 |
_c5951 _d5951 |
||